000 00914cam a2200253 a 4500
001 3523084
005 20250319123146.0
008 960201s1997 caua b 001 0 eng
020 _a0534512585
050 0 0 _aHD30.3
_b.L86 1997
082 0 0 _a658.4/036
_220
100 1 _aLumsden, Gay.
245 1 0 _aCommunicating in groups and teams :
_bsharing leadership /
_cGay Lumsden, Donald Lumsden.
250 _a2nd ed.
260 _aBelmont, Calif. :
_bWadsworth,
_cc1997.
300 _axx, 436 p. :
_bill. ;
_c24 cm.
440 0 _aWadsworth series in communication studies
650 0 _aCommunication in organizations.
650 0 _aTeams in the workplace.
700 1 _aLumsden, Donald L.
856 4 2 _3Publisher description
_uhttp://www.loc.gov/catdir/enhancements/fy1515/96005076-d.html
856 4 1 _3Table of contents only
_uhttp://www.loc.gov/catdir/enhancements/fy1515/96005076-t.html
942 _2lcc
_cBK
_n0
999 _c4946
_d4946